Les espèces de singes - Statistiques

Statistiques générales
  • Ce quiz a été pris 83 fois
    82 depuis la dernière actualisation
  • Le résultat moyen est 11 sur 23
Statistiques - réponses
Par images Hint Réponse % Correct
Afrique de l’Ouest Chimpanzé
95%
Afrique centrale Gorille
95%
Bornéo / Sumatra Orang-outan
91%
Afrique centrale Mandrill
82%
Bornéo Nasique
80%
Afrique centrale Bonobo
70%
Asie du Sud-Est Gibbon
68%
Afrique Babouin
64%
Amazonie Ouistiti
64%
Amérique centrale Capucin
59%
Asie Macaque
55%
Amérique centrale Saïmiri / Singe-écureuil
46%
Amazonie Singe-araignée / Atèle
45%
Amazonie Tamarin
45%
Amérique centrale Alouate / Singe hurleur
36%
Éthiopie Gélada
32%
Amazonie Ouakari
21%
Afrique de l’Ouest et centrale Colobe
18%
Chine centrale Rhinopithèque de Roxellane / Rhinopithèque doré / Singe doré
18%
Amazonie Saki / Pithecia
18%
Afrique de l’Est & Afrique australe Vervet
18%
Asie du Sud Langur
13%
Afrique de l’Ouest Patas / Singe pleureur
11%
Aucun quiz correspondant
Distribution des résultats
% des personnes avec chaque résultat
Percentile par nombre de réponses
Votre historique - résultats
Vous n’avez pas pris ce quiz depuis la dernière actualisation